| 000 | 00586nam a2200169Ia 4500 | ||
|---|---|---|---|
| 003 | Ost | ||
| 005 | 20260507075659.0 | ||
| 008 | 260507s9999||||xx |||||||||||||| ||und|| | ||
| 040 | _cfsecg | ||
| 041 | _aara | ||
| 100 |
_aالتميمي، عبد المالك خلف _eمؤلف |
||
| 245 | 0 |
_aالمياه العربية : _bالتحدي و الاستجابة / _c عبد المالك خلف التميمي |
|
| 260 |
_aبيروت: _bمركز دراسات الوحدة العربية, _c1999 |
||
| 300 |
_a275 صفحة؛ _c24 سم |
||
| 504 | _aالمراجع ص.179 | ||
| 942 | _cكتاب | ||
| 999 |
_c45782 _d45782 |
||